| 000 | 00842nam a2200241Ia 4500 | ||
|---|---|---|---|
| 999 |
_c3226 _d3226 |
||
| 003 | OSt | ||
| 005 | 20200330122942.0 | ||
| 008 | 191128t2002 ck a br 000 1 spa d | ||
| 020 | _a958333300X | ||
| 040 |
_aCO-JMCR _cCO-JMCR |
||
| 041 | _aspa | ||
| 082 | 0 | 4 |
_aA / _bKIQo |
| 100 |
_aJaramillo Ocampo, Enrique, _eautor _91997 |
||
| 245 | 0 | 0 |
_aOjos / _bKique, _cautor |
| 250 | _aPrimera edición | ||
| 260 |
_aBogotá : _bEnrique Jaramillo, _c©2002 |
||
| 300 |
_a[36] páginas sin numerar : _bilustraciones a color ; _c28 cm. |
||
| 500 | _aRecomendado para mayores de 4 años. | ||
| 520 | _aVamos a jugar un juego, jueguemos a que cada uno elige un personaje, un color, una historia, un tema de conversación, un país de mentiritas o qué comida le gusta más. | ||
| 546 | _aspa | ||
| 650 |
_aAlbum infantil _91998 |
||
| 942 |
_2ddc _cBK |
||